Odysseové informačních technologií

Jednotlivé články pracovníkov a priateľov firmy CT-Net z oblasti informačných technológii. Oboznámenie sa s pojmami a grafikou informačných technológií. Uplatnenie jednotlivých rozpísaných technológií v užívateľskom prostredí.

Gespeichert in:
Bibliographische Detailangaben
1. Verfasser: Loužecký, J.
Format: Buchkapitel
Sprache:Tschechisch
Schlagworte:
Tags: Tag hinzufügen
Keine Tags, Fügen Sie das erste Tag hinzu!

MARC

LEADER 00000naa a2200000 4500
001 r023975
005 20221213083152.5
041 0 |a cze 
044 |a CZ 
245 1 0 |a Odysseové informačních technologií  |c J. Loužecký 
520 |a Jednotlivé články pracovníkov a priateľov firmy CT-Net z oblasti informačných technológii. Oboznámenie sa s pojmami a grafikou informačných technológií. Uplatnenie jednotlivých rozpísaných technológií v užívateľskom prostredí. 
610 2 0 |a využitie počítačov 
610 2 0 |a softvér 
610 2 0 |a počítače 
610 2 0 |a technológie informačné 
610 2 0 |a pojmy 
610 2 0 |a grafika počítačová 
100 1 |a Loužecký, J.